Una aproximación al análisis del riesgo climático en el partido de Tres Arroyos /
Guardado en:
| Otros Autores: | , |
|---|---|
| Formato: | Manuscrito |
| Idioma: | Spanish |
| Publicado: |
2011.
|
| Materias: | |
| Acceso en línea: | Texto completo |
| Etiquetas: |
Agregar Etiqueta
Sin Etiquetas, Sea el primero en etiquetar este registro!
|
| LEADER | 01195ntm a22003015a 4500 | ||
|---|---|---|---|
| 001 | EEA.libagro009246 | ||
| 005 | 20170926124209.0 | ||
| 008 | 121018s2011####ag#######bm###000#0#spa#d | ||
| 082 | 0 | 4 | |a 630.2515 |
| 100 | 1 | |a Borda, Marta Renée. |4 dis | |
| 245 | 1 | 4 | |a Una aproximación al análisis del riesgo climático en el partido de Tres Arroyos / |c Marta Renée Borda. |
| 260 | |c 2011. | ||
| 300 | |a 106 h. ; |c 30 cm. | ||
| 500 | |a "Tesis de Magíster en Economía Agraria y Administración Rural". | ||
| 500 | |a Director de tesis: Rodolfo Romanelli. | ||
| 502 | |a Tesis (magíster)--Universidad Nacional del Sur. Departamento de Economía, 2012. | ||
| 504 | |a Incluye referencias bibliográficas. | ||
| 530 | |a Disponible también en formato digital. | ||
| 650 | 7 | |a Economía. | |
| 650 | 7 | |a Economía agraria. | |
| 650 | 7 | |a Riesgo. | |
| 650 | 7 | |a Evaluación del riesgo. | |
| 650 | 7 | |a Clima. | |
| 651 | 0 | |a Tres Arroyos (Argentina) | |
| 700 | 1 | |a Romanelli, Rodolfo. |4 ths | |
| 710 | 2 | |a Universidad Nacional del Sur. |b Departamento de Economía |4 dgg. | |
| 856 | 4 | 1 | |3 Texto completo |u http://repositoriodigital.uns.edu.ar/handle/123456789/2288 |
| 859 | |a AR-BbBCA |b BIB. AGRONOMIA |h 630.2515 |i B727 |p 2013/6209 | ||
